MARC details
| 000 -CABECERA |
| campo de control de longitud fija |
01439nam a2200313 a 4500 |
| 001 - NÚMERO DE CONTROL |
| campo de control |
000043527 |
| 003 - IDENTIFICADOR DEL NÚMERO DE CONTROL |
| campo de control |
DO-SdBNP |
| 005 - FECHA Y HORA DE LA ÚLTIMA TRANSACCIÓN |
| campo de control |
20260428073714.0 |
| 008 - DATOS DE LONGITUD FIJA--INFORMACIÓN GENERAL |
| campo de control de longitud fija |
140324s2013 dr 000 j spa d |
| 020 ## - NÚMERO INTERNACIONAL ESTÁNDAR DEL LIBRO |
| Número Internacional Estándar del Libro |
9789945412826 |
| 040 ## - FUENTE DE LA CATALOGACIÓN |
| Centro catalogador/agencia de origen |
DO-SdBNP |
| Lengua de catalogación |
spa |
| Centro/agencia transcriptor |
BNPHU |
| 082 ## - NÚMERO DE LA CLASIFICACIÓN DECIMAL DEWEY |
| Número de clasificación |
BNPHU PD RD863.44 |
| Número de documento/Ítem |
P925p, 2012 |
| 111 2# - ENTRADA PRINCIPAL--NOMBRE DE CONGRESO/REUNIÓN |
| Nombre de congreso/reunión o jurisdicción como elemento de entrada |
Premio Funglode de Cuento |
| Fecha del congreso/reunión |
(2012 : |
| Sede del congreso/Lugar de la reunión |
Santo Domingo) |
| 9 (RLIN) |
71276 |
| 245 10 - MENCIÓN DE TÍTULO |
| Título |
Premio Funglode de Cuento Juan Bosch. |
| 260 ## - PUBLICACIÓN, DISTRIBUCIÓN, ETC. |
| Lugar de publicación, distribución, etc. |
Santo Domingo : |
| Nombre del editor, distribuidor, etc. |
FUNGLODE, |
| Fecha de publicación, distribución, etc. |
2013. |
| 300 ## - DESCRIPCIÓN FÍSICA |
| Extensión |
88 p. ; |
| Dimensiones |
23 cm. |
| 490 1# - MENCIÓN DE SERIE |
| Mención de serie |
Premios Funglode/GFDD 2012 Cuentos |
| 500 ## - NOTA GENERAL |
| Nota general |
Incluye datos biografícos de los autores |
| 505 0# - NOTA DE CONTENIDO CON FORMATO |
| Título |
Primer lugar: La verdadera muerte de Pedro Henríquez Ureña / |
| Mención de responsabilidad |
Berroa, Fernando -- |
| Título |
Según lugar: Recuerdos de una noche de atabales / |
| Mención de responsabilidad |
Araújo, Jorge -- |
| Título |
Tercer lugar : El portentoso juego de Rafelo Vásquez / |
| Mención de responsabilidad |
Disla, Reynaldo -- |
| Título |
Mención: A ritmo de jazz / |
| Mención de responsabilidad |
Muñiz, Jorge -- |
| Título |
Mención :Corsario & Chapitán en la media islita / |
| Mención de responsabilidad |
Cabrera, Miguel Ángel -- |
| Título |
Mencón :La colombiana / |
| Mención de responsabilidad |
Berroa, Fernando |
| 590 ## - NOTA LOCAL (RLIN) |
| Nota local |
Inventariado, 2019/VM |
| 650 10 - PUNTO DE ACCESO ADICIONAL DE MATERIA--TÉRMINO DE MATERIA |
| Término de materia o nombre geográfico como elemento de entrada |
Cuentos dominicanos |
| 9 (RLIN) |
176 |
| 650 10 - PUNTO DE ACCESO ADICIONAL DE MATERIA--TÉRMINO DE MATERIA |
| Término de materia o nombre geográfico como elemento de entrada |
Literatura dominicana. |
| 9 (RLIN) |
67 |
| 650 14 - PUNTO DE ACCESO ADICIONAL DE MATERIA--TÉRMINO DE MATERIA |
| Término de materia o nombre geográfico como elemento de entrada |
Certamenes literarios |
| 9 (RLIN) |
1541 |
| 650 10 - PUNTO DE ACCESO ADICIONAL DE MATERIA--TÉRMINO DE MATERIA |
| Término de materia o nombre geográfico como elemento de entrada |
Premios literarios |
| 9 (RLIN) |
1542 |
| 710 22 - PUNTO DE ACCESO ADICIONAL--NOMBRE DE ENTIDAD CORPORATIVA |
| Nombre de entidad corporativa o nombre de jurisdicción como elemento de entrada |
Fundación Global Democracía y Desarrollo |
| 9 (RLIN) |
25477 |
| 830 #0 - PUNTO DE ACCESO ADICIONAL DE SERIE-TÍTULO UNIFORME |
| Título uniforme |
Premios Funglode/GFDD 2012 Cuentos |
| 9 (RLIN) |
71277 |
| 910 ## - DATOS DE OPCIÓN DEL USUARIO (OCLC) |
| Datos de opción del usuario |
Validado. Control de calidad MFF |
| 942 ## - ELEMENTOS DE PUNTO DE ACCESO ADICIONAL (KOHA) |
| Fuente del sistema de clasificación o colocación |
Dewey Decimal Classification |
| Tipo de ítem Koha |
Libro |